000
00320nam a2200133Ia 4500
008
240624s9999 xx 000 0 und d
041
_a
eng
082
_a
005.133 HOR
100
_a
HOROWITZ ELLIS
245
_a
COMPUTER ALGORITHMS C
260
_c
2004
_a
New Delhi
_b
Galgotia publication
300
_a
xxii, : 769
365
_c
RS
999
_c
98
_d
98